Eastern Utah Libraries Catalog: Duchesne, Heber, Roosevelt, & Vernal

Wallace & gromit's world of invention (Record no. 277556)

MARC details
000 -LEADER
fixed length control field 01554ngm a22003492a 4500
001 - CONTROL NUMBER
control field 752304175
005 - DATE AND TIME OF LATEST TRANSACTION
control field 20200320185927.0
007 - PHYSICAL DESCRIPTION FIXED FIELD--GENERAL INFORMATION
fixed length control field vd cvaizs
008 - FIXED-LENGTH DATA ELEMENTS--GENERAL INFORMATION
fixed length control field 120130s2010 xxu174 j vleng d
024 1# - OTHER STANDARD IDENTIFIER
Standard number or code 031398150367
028 42 - PUBLISHER NUMBER
Publisher number LGE32147D
037 ## - SOURCE OF ACQUISITION
Stock number LGF32147DD
Source of stock number/acquisition www.MicroMarketing.org 800-229-9887
Terms of availability 14.98
040 ## - CATALOGING SOURCE
Modifying agency MM LLC
245 00 - TITLE STATEMENT
Title Wallace & gromit's world of invention
Medium [videorecording]
250 ## - EDITION STATEMENT
Edition statement Widescreen ed.
260 ## - PUBLICATION, DISTRIBUTION, ETC. (IMPRINT)
Place of publication, distribution, etc [United States] :
Name of publisher, distributor, etc Lions Gate Home Entertainment,
Date of publication, distribution, etc 2012.
300 ## - PHYSICAL DESCRIPTION
Extent 1 videodisc (ca. 174 min.) :
Other physical details sd., col. ;
Dimensions 4 3/4 in.
511 1# - PARTICIPANT OR PERFORMER NOTE
Participant or performer note Peter Sallis.
520 ## - SUMMARY, ETC.
Summary, etc The complete six part series featuring amazing contraptions from around the world. Wallace and Gromit take an enthusiastic look at some real-life cracking contraptions, from gadgets that help around the home to the mind-boggling world of space travel and much more in between. From their self-built television studio, Wallace introduces films of inventors from around the world, and unveils some of his very own creations.
538 ## - SYSTEM DETAILS NOTE
System details note DVD.
546 ## - LANGUAGE NOTE
Language note English audio; English subtitles.
546 ## - LANGUAGE NOTE
Language note Closed-captioned.
650 #4 - SUBJECT ADDED ENTRY--TOPICAL TERM
Topical term or geographic name as entry element Children's films.
9 (RLIN) 5870592
650 #4 - SUBJECT ADDED ENTRY--TOPICAL TERM
Topical term or geographic name as entry element Claymation.
9 (RLIN) 5870593
650 #4 - SUBJECT ADDED ENTRY--TOPICAL TERM
Topical term or geographic name as entry element Adventure.
9 (RLIN) 5870594
650 #4 - SUBJECT ADDED ENTRY--TOPICAL TERM
Topical term or geographic name as entry element Family films.
9 (RLIN) 5870595
655 #4 - INDEX TERM--GENRE/FORM
Genre/form data or focus term Children's.
9 (RLIN) 5870596
700 1# - ADDED ENTRY--PERSONAL NAME
Personal name Sallis, Peter.
9 (RLIN) 62753
942 ## - ADDED ENTRY ELEMENTS (KOHA)
Koha item type DVD
948 ## - LOCAL PROCESSING INFORMATION (OCLC); SERIES PART DESIGNATOR (RLIN)
Series part designator, SPT (RLIN) 04/10/2012
z (OCLC) Sirsi
996 ## -
-- 90001
-- 34301001068933
-- DVD
-- DVD
-- wcl
-- i
-- 42
-- 14.95
-- micro
-- Wal
-- 04/11/2012
-- 03/13/2020
-- 03/10/2020
Holdings
Withdrawn status Lost status Source of classification or shelving scheme Damaged status Not for loan Collection code Home library Current library Shelving location Date acquired Source of acquisition Cost, normal purchase price Total Checkouts Total Renewals Full call number Barcode Date last seen Date checked out Cost, replacement price Price effective from Koha item type
    Dewey Decimal Classification     Movies Wasatch County Library Wasatch County Library Audio Visual Area 04/11/2012   14.95 50 11 DVD Wal 34301001068933 03/31/2025 03/20/2025 14.95 03/20/2020 DVD
This project was made possible through a grant from the Institute of Museum and Library Service administered by the Utah State Library Division.

Wasatch County Library

  • 465 East 1200 South, Heber City, Utah 84032
  • Phone 435-654-1511 | Fax 435-654-6456

Hours

  • Monday - Friday 9:30 AM - 8:00 PM
  • Saturday 9:30 AM - 1:30 PM
  • Closed Sundays and Holidays